000 00288nam a22001097a 4500
082 _a363/JOS
100 _aJoshi,Aashish
_981605
245 _aNorth West Frontier Province Rising Nationalism
260 _aDelhi
_bIshwari Publication
_c2017
650 _aNationalism
_981600
942 _cBK
999 _c65746
_d65746